000 01163cam a22003377a 4500
003 CHAP
005 20220329141830.0
008 971126d1997 mx a r 00110 spa d
010 _a74532
011 _a75504
035 _a85068
040 _cCHAP
090 _aTesis
100 0 0 _aPadilla Moreno, Raymundo.
_984659
245 1 0 _aVariabilidad espacial de los contenidos de arena, limo y arcilla en un suelo (vertisol) de la Chontalpa, Tabasco
_c/por Raymundo Padilla Moreno
260 _aChapingo, Méx. :
_bEl autor,
_c1997.
300 _a87 h. :
_bilus. ; gráfs.
502 _aTesis (Ing. Agr. Esp. en Suelos) -- UACH. Departamento de Suelos
590 _aALEPH
_b10
_c20130110
_lUCH01
_h1419
590 _aBATCH-UPD
_b10
_c20130110
_lUCH01
_h0613
590 _aCONVERSION
_b10
_c20130109
_lUCH01
_h1341
650 1 4 _aSuelos arcillosos.
_9110534
650 1 4 _aSuelos arenosos.
_9110535
650 1 4 _aSuelos
_xLimo en.
_9110418
650 1 4 _aSuelos
_xTabasco.
_9110489
901 _aBK
905 _aGuadalupe Pinto C.
942 _cFOLL
949 _bBC
_cTES
_d33725000636502
_eTS2
_fc.2
_h31439
_i85068
_sb
949 _bBC
_cTES
_d850681
_eTS1
_h31438
_i85068
_sb
999 _c74532
_d74532